| 000 | 00468nam a2200133 4500 | ||
|---|---|---|---|
| 008 | 161021b xxu||||| |||| 00| 0 eng d | ||
| 082 |
_2Oct 2012 - Dec 2012 v. 73, n. 10-12 _aDPer 613.705 _bM97 |
||
| 245 | _aMuscle and fitness. | ||
| 260 |
_aU.S.A: _bWeider Pub., _cOct 2012 - Dec 2012. |
||
| 300 |
_avarious paging: _bcolor illustrations; _c27 cm. |
||
| 650 | 0 |
_922896 _aPhysical fitness _vPeriodicals |
|
| 650 | 0 |
_922897 _aMuscle and fitness _vPeriodicals |
|
| 942 |
_2ddc _cPER |
||
| 999 |
_c7571 _d7571 |
||